The wisdom of india/ (Record no. 159391)

MARC details
000 -LEADER
fixed length control field 00599nam a22001937a 4500
005 - DATE AND TIME OF LATEST TRANSACTION
control field 20181215150352.0
010 ## - LCCN (DPL NO)
LC control number ENG-124549
020 ## - INTERNATIONAL STANDARD BOOK NUMBER
International Standard Book Number 9789385289231
Terms of availability 995.00
035 ## - SYSTEM CONTROL NUMBER
System control number EN-108081
037 ## - SOURCE OF ACQUISITION
Source of stock number/acquisition DBAD/PUB
082 ## - DEWEY DECIMAL CLASSIFICATION NUMBER
Classification number 220
100 ## - MAIN ENTRY--PERSONAL NAME
Personal name Krishna Kumri
245 ## - TITLE STATEMENT
Title The wisdom of india/
Statement of responsibility, etc by Krishna kumari
260 ## - PUBLICATION, DISTRIBUTION, ETC. (IMPRINT)
Place of publication, distribution, etc New Delhi
Name of publisher, distributor, etc Solar Books
Date of publication, distribution, etc 2017
270 ## - ADDRESS
Address 4239A/1, Veer Sadan, Ansari Road (Behind Delhi Hospital) Darya Ganj,
City New Delhi
Postal code 110002
300 ## - PHYSICAL DESCRIPTION
Extent 316p.
Dimensions 24cm.(Hb)
500 ## - GENERAL NOTE
General note It includes bibliography and index
942 ## - ADDED ENTRY ELEMENTS (KOHA)
Source of classification or shelving scheme Dewey Decimal Classification
Item type English Books
Call number suffix KRI
Classification part 220
Holdings
Withdrawn status Lost status Not for loan Collection code Home library Current library Date acquired Source of acquisition Cost, normal purchase price Full call number Barcode Copy number Cost, replacement price Koha item type
    Not For Loan Non-fiction D.B.Act.Division Bawana 15/12/2018 DBAD/PUB 995.00 220 KRI EN-108081 1 995.00 English Books

© Delhi Public Library
Hit Counter
free hit counter